Cuba y Centro América
Salvato in:
| Autore principale: | |
|---|---|
| Natura: | testo |
| Pubblicazione: |
México D.F.:
Claves Latinoamericanas
|
| Tags: |
Aggiungi Tag
Nessun Tag, puoi essere il primo ad aggiungerne!!
|
MARC
| LEADER | 00000 a a2200000 04500 | ||
|---|---|---|---|
| 001 | 24300 | ||
| 003 | |||
| 040 | |||
| 020 | |a 968-843-029-3 | ||
| 022 | |a 968-843-029-3 | ||
| 090 | |a 166400 | ||
| 100 | |a López Segrera, Francisco | ||
| 245 | |a Cuba y Centro América | ||
| 260 | |a México D.F.: |b Claves Latinoamericanas | ||
| 300 | |a 95 p. | ||
| 300 | |b **no definido** | ||
| 999 | |c 12493 |d 12493 | ||



